| 000 | 00655nam a22002171 4500 | ||
|---|---|---|---|
| 001 | 21028 | ||
| 003 | CZ PrNK | ||
| 005 | 20260210154338.0 | ||
| 008 | 020202s1974 xo slo | ||
| 040 |
_aABA001 _bcze _cABA001 _dABA001 |
||
| 041 | 1 |
_aslo _hfre |
|
| 100 | 1 |
_aSusini, Marie _4aut |
|
| 245 | 1 | 0 |
_aTo bola naša láska / _c[Autorka:] Marie Susiniová ; Z franc. orig. C`était cela notre amour prel. Michaela Jurovská |
| 250 | _a1. vyd. | ||
| 260 |
_aBratislava : _bTatran, _c1974 |
||
| 300 |
_a155 s. : _bil., ; _c8° |
||
| 490 | 1 | _aHviezdoslavova knižnica | |
| 830 | 0 | _aHviezdoslavova knižnica | |
| 910 | _aABA001 | ||
| 942 |
_2ddc _cKLDO _n0 |
||
| 999 |
_c21028 _d21028 |
||